| 000 | 00935nam a22001937a 4500 | ||
|---|---|---|---|
| 005 | 20260128111010.0 | ||
| 010 | _aB-777931 | ||
| 020 |
_a9789394493810 _c100.00 |
||
| 035 | _aB-777931 | ||
| 037 | _bउपहार | ||
| 082 | _aक | ||
| 100 |
_aसोनी,उषा _986919 |
||
| 245 |
_aजंगल में पाठशालाःबाल कहानी संग्रह / _bउषा सोनी |
||
| 260 |
_aमध्य प्रदेश _bभव्या पब्लिकेशन _c2024 |
||
| 270 |
_aएल. जी. 42 , लोअर ग्राउंड, करतार आर्केड रायसेन रोड भोपाल, _bमध्यप्रदेश _e462023 |
||
| 300 |
_a52 पृ. _c24सेमी (सजिल्द) _bसचित्र |
||
| 942 |
_2ddc _cCH _hक _mसोमीउ |
||
| 999 |
_c214540 _d214540 |
||